000 00524nam a2200193Ia 4500
003 OSt
005 20230902123758.0
008 210719s1979 xx 000 0 und d
040 _cAL
041 _aKannada
082 _aK894.308 DAMH
100 _aDAMODARA SHETTI (N) mattu Ithararu.
_9132446
245 _aHimani: katha sankalana.
_bಹಿಮಾನಿ : ಕಥಾ ಸಂಕಲನ
260 _aMangaluru
_bVedika
_c1979
300 _a83
_bPB
365 _cRs
650 _aKannada Fiction
_9132447
942 _2ddc
_cBK
999 _c213070
_d213070